| 000 | 00559nam a2200205 a 4500 | ||
|---|---|---|---|
| 005 | 20140311163027.0 | ||
| 008 | 081203s19uu xx 00 eng d | ||
| 020 | _a9780470052211 | ||
| 050 |
_aHG 4650 _b.F329 2007 |
||
| 100 | _aFabozzi, Frank J. | ||
| 245 |
_aFixed income analysis / _cFrank J. Fabozzi |
||
| 250 | _a2nd ed. | ||
| 260 |
_aU.S.A : _bJohn Wiley & Sons, Inc, _c2007. |
||
| 300 |
_a733 p. : _bill. ; _c28 cm. |
||
| 500 | _aInclude index | ||
| 521 | _aBSBA | ||
| 650 | _aFixed-income securities. | ||
| 942 |
_cBK _2lcc _kFOR |
||
| 999 |
_c39569 _d39569 |
||